000 00337nam a2200121Ia 4500
008 210430s9999 xx 000 0 und d
082 _a384 M236A
100 _aDr. Malik Nadeem Shafiq
_913814
245 4 _aThe Tehrik-i-Istiqlal
_cDr. Malik Nadeem Shafiq
260 _aLahore.
_bFiction House
_c2015
300 _a188p.
942 _cBK
_2ddc
999 _c565522
_d565522